Most Popular Songs-1975 - Statistics

General Stats
  • This quiz has been taken 18 times
  • The average score is 4 of 12
Answer Stats
Month Artist Answer % Correct
December Queen Bohemian Rhapsody
89%
September Glen Campbell Rhinestone Cowboy
56%
June Captain & Tenille Love Will Keep Us Together
50%
July Van McCoy & The Soul City Symphony The Hustle
44%
May Sweet Fox On The Run
33%
March Labelle Lady Marmalade
33%
August Bee Gees Jive Talkin'
28%
October Rod Stewart Sailing
28%
April Bay City Rollers Bye Bye Baby
22%
November KC And The Sunshine Band That's The Way (I Like It)
17%
February Carpenters Please Mr. Postman
11%
January Elton John Lucy In The Sky With Diamonds
6%
No matching quizzes found
Score Distribution
Percent of People with Each Score
Percentile by Number Answered
Your Score History
You have not taken this quiz